Statistics for Every FIFA World Cup Host City

Click here to take the quiz!

General Stats

  • This quiz has been taken 23 times
  • The average score is 129 of 214

Answer Stats

HintAnswer% Correct
Colombes (Paris)
100%
England 1966London
100%
Manchester
100%
Marseille
100%
Italy 1934 | Italy 1990Milan
100%
France 1938Paris
100%
Saint-Denis (Paris)
100%
Germany 2006Berlin
95%
Argentina1978Buenos Aires
95%
East Rutherford (New York/New Jersey)
95%
South Africa 2010Johannesburg
95%
Liverpool
95%
Los Angeles
95%
Madrid
95%
Canada, the United States & Mexico 2026 | Mexico 1970 | Mexico 1986
(Originally Colombia)
Mexico City
95%
Miami
95%
Uruguay 1930Montevideo
95%
Munich
95%
Naples
95%
Brazil 1950 | Brazil 2010Rio de Janeiro
95%
Rome
95%
Seville
95%
Valencia
95%
West Germany 1974West Berlin
95%
Spain 1982Barcelona
90%
Birmingham
90%
Qatar 2022Doha
90%
Frankfurt
90%
Geneva
90%
Guadalajara
90%
Hamburg
90%
Lyon
90%
Malmo
90%
Russia 2018Moscow
90%
Saint Petersburg
90%
San Francisco
90%
Sao Paulo
90%
Zurich
90%
1954 SwitzerlandBern
86%
Boston
86%
Cape Town
86%
Chicago
86%
Dallas
86%
Florence
86%
Foxborough (Boston)
86%
Sweden 1958Gothenburg
86%
Leipzig
86%
Chile 1962Santiago
86%
Seattle
86%
Seoul
86%
Stuttgart
86%
Toronto
86%
Turin
86%
Bordeaux
81%
Brasília
81%
Busan
81%
Cologne
81%
Hanover
81%
Lille
81%
Philadelphia
81%
Pretoria
81%
Bari
76%
Basel
76%
Bilbao
76%
Genoa
76%
Monterrey
76%
Montpellier
76%
Palermo
76%
Porto Alegre
76%
Toulouse
76%
Vancouver
76%
Washington, D.C.
76%
Atlanta
71%
Belo Horizonte
71%
Cagliari
71%
Cordoba
71%
Dortmund
71%
Nantes
71%
Osaka
71%
Salvador
71%
Sheffield
71%
Sochi
71%
Yokohama
71%
Durban
67%
Düsseldorf
67%
Kazan
67%
Manaus
67%
Nizhny Novgorod
67%
Samara
67%
Sapporo
67%
Strasbourg
67%
Verona
67%
Bologna
62%
Fortaleza
62%
Gelsenkirchen
62%
Lausanne
62%
Recife
62%
Rostov-on-Don
62%
Volgograd
62%
Houston
57%
Málaga
57%
Nuremberg
57%
Orlando
57%
Rosario
57%
Zaragoza
57%
Gqeberha - Port Elizabeth
52%
Kansas City
52%
Udine
52%
Bloemfontein
48%
Curitiba
48%
South Korea & Japan 2002Daegu
48%
León
48%
Sunderland
48%
Vigo
48%
A Coruña
43%
Alicante
43%
Helsingborg
43%
Kaliningrad
43%
France 1998Lens
43%
Lusail
43%
Middlesbrough
43%
Valladolid
43%
Incheon
38%
Kobe
38%
Natal
38%
Saint-Étienne
38%
Cuiabá
33%
Le Havre
33%
Lugano
33%
Gijón
29%
Mendoza
29%
Norrköping
29%
Reims
29%
Saransk
29%
Trieste
29%
Saitama
24%
Ulsan
24%
Elche
19%
Gwangju
19%
Nelspruit
19%
Niigata
19%
Oviedo
19%
Polokwane
19%
Rustenburg
19%
Al Khor
14%
Al Rayyan
14%
Mar del Plata
14%
Oita
14%
Querétaro
14%
Toluca
14%
Viña del Mar
14%
Al Wakrah
10%
Arica
10%
Borås
10%
Daejon
10%
Jeonju
10%
Örebro
10%
Rancagua
10%
Shizuoka
10%
Suwon
10%
Västerås
10%
Antibes
5%
Eskilstuna
5%
Halmstad
5%
Irapuato
5%
Kaiserslauten
5%
Kashima
5%
Miyagi
5%
Nezahualcóyotl (Mexico City)
5%
Pasadena (Los Angeles)
5%
Pontiac (Detroit)
5%
Puebla City
5%
Sandviken
5%
San Nicolás de los Garza (Monterrey)
5%
Seogwipo (Jeju)
5%
Solna (Stockholm)
5%
USA 1994Stanford (Bay Area)
5%
Uddevalla
5%
Yekaterineburg
5%
Zapopan (Guadalajara)
5%

Score Distribution

Percentile by Number Answered

Percent of People with Each Score

Your Score History

You have not taken this quiz